|
|
|
|
| LEADER |
00000nab a2200000 a 4500 |
| 001 |
vtls000837098 |
| 003 |
SK-MaSNL |
| 005 |
20260302163423.0 |
| 008 |
180207c2003 xo 0 slo |
| 015 |
|
|
|a SNBRB2003/06-16657
|
| 035 |
|
|
|a CLN000188753
|
| 040 |
|
|
|a SNKBUCL
|b slo
|c SNKBUCL
|e AACR2
|
| 041 |
0 |
|
|a slo
|
| 044 |
|
|
|a xo
|c SK
|
| 080 |
|
|
|a 329(437.6):342.4(437.6)
|2 UDC-MRF-SK2
|
| 100 |
1 |
|
|a Borčin, Ján
|4 aut
|9 603520
|
| 245 |
1 |
0 |
|a Kvôli eurovoľbám musíme meniť našu ústavu
|b politické strany budú zrejme žiadať aj úpravu ...
|c Ján Borčin
|
| 300 |
|
|
|b Fotogr.
|
| 630 |
0 |
7 |
|a Ústava Slovenskej republiky
|x novelizácia
|x strany politické
|x návrhy
|2 snkbucl
|9 864710
|
| 650 |
0 |
7 |
|a strany politické
|z Slovensko
|a Ústava SR
|2 snkbucl
|9 864711
|
| 655 |
|
7 |
|a články z novín a časopisov
|2 snkbucl
|9 267496
|
| 773 |
0 |
|
|x 1335-4671
|t Národná obroda
|g Roč. 14, č. 103 (6.5.2003), s. 2
|
| 850 |
|
|
|a Slovenská národná knižnica v Martine
|
| 852 |
|
|
|a SNK
|b KIS3GCP
|
| 958 |
|
|
|a RBX
|
| 999 |
|
|
|c 1383310
|d 1385240
|